000 00881nam a2200265 a 4500
003 OSt
005 20240220153658.0
008
020 _a0471796743 (paperback.)
040 _cNUST
_aNUST
_beng
_dNUST
_erda
050 _a12867
100 _aNicholas Papadopulos
_d1988
_eEditor
245 1 0 _aCases in Candaian marketing /
_cedited by Nicolas Papadopoulos.
260 _aToronto :
_b Wiley,
_c©1988.
300 _a206 p. :
_billustrations;
_c28 cm.
336 _2rdacontent
_atext
_btxt
337 _2rdamedia
_aunmediated
_bn
338 _2rdamedia
_avolume
_bnc
440 _aCases in Candaian Marketing
504 _aInclude bibliographical references
650 6 _aMarketing
_xCase studies.
650 _aMarketing
_zCanada
_xCase studies.
700 _aPapadopoulos, Nicolas.
_eEditors
942 _cBOOKS
_kHF 5415.12.C3
_mCAS
_2lcc
999 _c147810
_d147810